Normal view
MARC view
Entry Topical Term
001 - CONTROL NUMBER
- control field: 259364
003 - CONTROL NUMBER IDENTIFIER
- control field: OSt
005 - DATE AND TIME OF LATEST TRANSACTION
- control field: 20260326103203.0
008 - FIXED-LENGTH DATA ELEMENTS
- fixed length control field: 260326|| aca||aabn | a|a d
040 ## - CATALOGING SOURCE
- Original cataloging agency: OSt
- Transcribing agency: OSt
150 ## - HEADING--TOPICAL TERM
- Topical term or geographic name entry element: Eigenfunction
670 ## - SOURCE DATA FOUND
- Source citation: Work cat.: (OSt)241066: Richard Bronson and others 259361, Differential equations Ed 3, 2019